| 000 | 00430nam a2200145Ia 4500 | ||
|---|---|---|---|
| 008 | 231129s2009||||xx |||||||||||||| ||spa|| | ||
| 020 | _a978-958445948-0 | ||
| 040 | _bspa | ||
| 082 | _a291.4 J82n | ||
| 100 | _aJordán Hernán D. 1967- | ||
| 245 | 0 | _aNiégate a ti mismo : una visión inspirada en la creación | |
| 260 | _c2009 | ||
| 264 | _aBogotá Colombia : Papiro | ||
| 942 |
_2ddc _cBKS |
||
| 999 |
_c21671 _d21671 |
||